| 000 | 00568nam a22001817a 4500 | ||
|---|---|---|---|
| 005 | 20180507124459.0 | ||
| 010 | _aENG-122896 | ||
| 020 |
_a9789386050212 _c450.00 |
||
| 035 | _aEN-106428 | ||
| 037 | _bDBAD/PUB | ||
| 082 | _a956.94054 | ||
| 100 | _aOmer | ||
| 245 |
_aShell-shocked dispatches from a war : _cby Omer _bon the ground under Israel's Gaza assault / |
||
| 260 |
_aNew Delhi _bSpeaking Tiger _c2015 |
||
| 270 |
_a4381/4, Ansari Road, Daryaganj, _bNew Delhi _e110002 |
||
| 300 |
_a311p. _c21cm(pbk) |
||
| 942 |
_2ddc _cEN _mOME _h956.94054 |
||
| 999 |
_c151904 _d151904 |
||